000 00655nam a2200205Ia 4500
003 GCL
008 140319s9999 xx 000 0 ara d
040 _aGCL /
_cGCL
082 0 4 _a820.9
_bك ت
100 1 _aكازن الفريد
245 1 0 _aتطور الفكر الادبى الامريكى فى القرن العشرين : دراسات فى الادب الامريكى /
_cكازن الفريد
700 1 _aماهر نسيم
260 _a[S.N] :
_bدار المعارف
300 _a60 ص
490 _a
650 0 4 _aالادب العربى
650 0 4 _aالادب الامريكى
650 0 4 _aتاريخ ونقد
942 _2ddc
_cBK
999 _c30591
_d30591